Bienvenue au Catalogue en Ligne des Bibliothèques de l'Universite du Burundi

Solutions exactes de l'équation de dirac avec un potentiel de Coulomb en 2+1 dimensions (Record no. 22639)

000 -GUIDE
Champ de contrôle de longueur fixe 01000caa a22002297a 4500
003 - IDENTITÉ DU NUMÉRO DE CONTRÔLE
Champ de contrôle BI-BuBU
008 - ÉLÉMENTS DE LONGUEUR FIXE - RENSEIGNEMENTS GÉNÉRAUX
Champ de contrôle de longueur fixe 140314s2006 bd ||||| |||| 00| 0 fre d
039 ## - NIVEAU DE CONTRÔLE BIBLIOGRAPHIQUE ET HISTORIQUE D'ENCODAGE [OBSOLETE]
Date creation 20140318102251.0
Nom catalographe Verhasselt
040 ## - SOURCE DU CATALOGAGE
Organisme qui a effectué le catalogage original BI-BuBU
Code de la langue utilisée dans le catalogage fre
Organisme qui a effectué la transcription BI-BuBU
080 0# - INDICE DE LA CLASSIFICATION DÉCIMALE UNIVERSELLE (CDU)
Indice de la Classification décimale universelle 517.9
100 1# - VEDETTE PRINCIPALE - NOM DE PERSONNE
Code de relation aut
Nom de personne Hagabimana, Prosper
245 10 - MENTION DU TITRE
Titre Solutions exactes de l'équation de dirac avec un potentiel de Coulomb en 2+1 dimensions
Mention de responsabilité, etc. Prosper Hagabimana
260 ## - PUBLICATION, DIFFUSION, ETC. (ADRESSE BIBLIOGRAPHIQUE)
Lieu de publication, diffusion, etc. Bujumbura
Nom de l'éditeur, diffuseur, etc. Université du Burundi, Faculté des sciences, section Polytechnique, Département de Mathématiques
Date of publication, distribution, etc 2006
300 ## - DESCRIPTION MATÉRIELLE
Collation -III-40 f.
Dimensions 30 cm
502 ## - NOTE DE THÈSE OU MÉMOIRE
Note de thèse Mémoire présenté en vue de l'obtention du grade de licencié en sciences Mathématiques
650 #7 - VEDETTE-MATIÈRE - NOM COMMUN
Vedette de sujet ou vedette comportant un nom géographique Equation de Dirac : Potentiel Colombien. Solution Exacte
650 #7 - VEDETTE-MATIÈRE - NOM COMMUN
Vedette de sujet ou vedette comportant un nom géographique Potentiel de Colomb : Equation de Dirac. Solution Exacte
650 #7 - VEDETTE-MATIÈRE - NOM COMMUN
Vedette de sujet ou vedette comportant un nom géographique CUD. DataWinIsis. Verhasselt
942 ## - ÉLÉMENTS D'ENTRÉE ADDITIONNELLE (KOHA)
Type d item koha Memoire
Holdings
Statut de retrait Statut de perte Source de la classification ou du système de rangement Statut de déterioration Exclu du prêt Numéro d item Koha Localisation permanente Localisation actuelle Date d'acquisition Source d'acquisition Nombre de prêts Cote Code-barres Date last seen Numéro d'exemplaire Prix en vigueur à partir du Type d item koha Numero d'inventaire
        Not For Loan 35031 Bibliothèque Centrale Bibliothèque Centrale 25/03/2014 Don de l'auteur   R.517.9.HAG. 5010000246945 25/03/2014 1 25/03/2014 Memoire 197416
© 2019-2026 - Bibliothèques de l'Université du Burundi |Tous droits réservés
home | Pour toute information urgente Contactez nous | tel whatsupp: +25779204313